Reklámok hatása a fogyasztói szokásokra

Bibliográfiai részletek
Szerző: Vracaric Eszter
További közreműködők: Sólyomfi Dr. Andrea Hanna
Dokumentumtípus: Diplomadolgozat
Kulcsszavak:fogyasztói szokások
hatások
reklámpszichológia
reklámtípusok
reklámtörténet
Online Access:http://dolgozattar.uni-bge.hu/59811

MARC

LEADER 00000nta a2200000 i 4500
001 dolg59811
005 20260409145608.0
008 260409suuuu hu om 000 hun d
040 |a BGE Dolgozattár Repozitórium  |b hun 
041 |a hu 
100 1 |a Vracaric Eszter 
245 1 0 |a Reklámok hatása a fogyasztói szokásokra  |c Vracaric Eszter  |h [elektronikus dokumentum] 
520 3 |a A dolgozat célja az, hogy átfogó képet kapjak a reklámok fogyasztói magatartásra gyakorolt hatásáról, különös tekintettel a generációk közötti különbségekre. A vizsgálat három módszertani pilléren nyugszik: egy kérdőíves felmérésen, fókuszcsoportos interjúkon és esettanulmány-alapú kampányelemzéseken. A kutatás során arra keresek a választ, hogy milyen típusú reklámelemek bizonyulnak hatékonynak egy-egy generáció esetében, valamint hogy a közösségi média és a digitális technikák hogyan alakítják át a reklámok terjesztését és befolyásoló erejét. 
695 |a fogyasztói szokások 
695 |a hatások 
695 |a reklámpszichológia 
695 |a reklámtípusok 
695 |a reklámtörténet 
700 1 |a Sólyomfi Dr. Andrea Hanna  |e ths 
856 4 0 |u http://dolgozattar.uni-bge.hu/59811/1/Szakdolgozat-ve%CC%81gleges%20%281%29.pdf  |z Dokumentum-elérés 
856 4 0 |u http://dolgozattar.uni-bge.hu/59811/2/Vracaric%20Eszter.pdf  |z Dokumentum-elérés 
856 4 0 |u http://dolgozattar.uni-bge.hu/59811/3/Vracalic%20Eszter%20.pdf  |z Dokumentum-elérés